| 000 | 00489nam a2200169Ia 4500 | ||
|---|---|---|---|
| 008 | 140609s9999 xx 000 0 und d | ||
| 020 | _a9789712724046 | ||
| 050 |
_aPL 6059 _b.L128 2010 |
||
| 100 | _aLacaba, Jose F. | ||
| 245 |
_aShowbiz lengua : _bchika & chismax about chuvachuchu / _cJose F. Lacaba |
||
| 260 |
_aManila, Philippines : _bAnvil, _cc2010. |
||
| 300 |
_a141 p. ; _c23 cm. |
||
| 521 | _aGE | ||
| 650 |
_aFilipino language _xUsage. |
||
| 942 |
_kLOC _cBK |
||
| 999 |
_c117908 _d117908 |
||